000 00943nam0a22002891 4500
001 RU\NLR\INFOCOMM_41\5000250888
005 20250613090859.0
035 _a(NLR Aleph) 009083510
090 _a7997032
_c7997032
100 _a20081205d1972 |||y0rusy50 ca
101 0 _aeng
102 _aRU
105 _aa z 100zy
200 1 _aOperation patterns
_ean extensible model of an extensible language
_fA. A. Bährs
_gSymposium on theoretical programming, August 7-11, 1972
210 _a[Novosibirsk
_d[1972]
215 _a33 с., 5 л. схем.
_d20 см
320 _aБиблиогр.: с. 32
606 _aИнформационный язык
_2nlr_sh1
686 _aТ8-2444
_2rubbk
700 1 _aBährs
_bA. A.
_4070
712 0 2 _aSymposium on theoretical programming
_eNovosibirsk
_f1972
_4570
801 1 _aRU
_bNLR
_c20081205
801 0 _aRU
_bNLR
_gPSBO
852 _aNLR
_jТ11 Д-4/102
942 _cBOOK
980 _aNB